Statistiken für Länder aus denen Spieler mit einer Darts PDC Tour Card 2022 kommen

Klicken Sie hier um das Quiz zu spielen!

Allgemein

  • Dieses Quiz wurde 360 mal gespielt
  • Das Durchschnittsergebnis liegt bei 19 aus 23

Antwortstatistiken

Anzahl
Spieler
Land% Korrekt
6Deutschland
100%
48England
99%
18Niederlande
99%
9Schottland
98%
6Wales
95%
4Irland
93%
6Nordirland
93%
4Österreich
92%
6Belgien
90%
3Polen
90%
2Vereinigte Staaten
90%
3Australien
89%
1Portugal
88%
2Spanien
88%
2Kanada
84%
1Tschechien
78%
1Dänemark
73%
1Russland
73%
1Südafrika
71%
1Lettland
70%
1Litauen
68%
1Kroatien
62%
1Griechenland
48%

Verteilung der Resultate

Perzentil nach korrekt beantworteten Fragen

Anzahl Personen mit jedem Resultat

Ihre Resultats-Entwicklung

Sie haben dieses Quiz noch nicht gespielt